1367 1338 1023 1709 1964 1322 1376 1724 1054 1060 1353 1349 1769 1674 1995 1961 1571 1257 1586 1144 1113 1152 1911 1058 1497 1819 1209 1620 1725 1732 1828 1081 1992 1993 1303 1126 1604 1906 1155 1480 1082 1502 1466 1270 1416 1911 1695 1643 1329 1263 1773 1048 1670 1890 1919 1477 1668 1293 1102 1325 1565 1763 1226 1946 1040 1188 1598 1188 1191 1092 1448 1111 1550 1250 1967 1170 1811 1792 1338 1594 1946 1191 1018 1812 1458 1320 1475 1021 1836 1678 1847 1334 1781 1696 1862 1498 1070 1351 1068 BCNSPRNW ULIB Ver.6.0+V

เปลี่ยนเป็นภาษาไทย

Change to English
 แสดงรายละเอียดบรรณานุกรม
  กลับหน้าหลัก

Brief Record : Get Marc (ISO 2709) : E-mail record : QR code < ปิดหน้าต่าง
LEADER : 00000nam 2200000uu 4500
001    13399109521
003     ULIB
008    110404s2552||||th 000 0 tha d
020    9789749316474
060 04 WB310^bพ997ก 2552
110 1  สำนักงานคณะกรรมการสุขภาพแห่งชาติ
245 00 ก่อนวันผลัดใบ:หนังสือแสดงเจตนาการจากไปในวาระสุดท้าย /^c[บรรณาธิการ,ไพศาล ลิ้มสถิตย์,อภิราชย์ ขันธ์เสน]
250    พิมพ์ครั้งที่ 2
260    [กรุงเทพฯ] :^bสำนักงานคณะกรรมการสุขภาพแห่งชาติ,^c2552
300    163 หน้า :^bภาพประกอบ.
500 สร ุปผลการสัมมนาข้อเสนอแนะและแนวปฏิบัติสมาคมเพื่อการวิจัยสเต็มเซลล์นานาชาติ คำแปลปฏิญญาเฮลซิงกิว่าด้วยหลักการจริยธรรมในการวิจัยทางการแพทย์ในมนุษย์ บทความกฎหมาย กฎหมายข้อบังคับที่เกี่ยวข้อง
650  7 สเต็มเซลล์
700 0  อภิราชย์ ขันธ์เสน,^eบรรณาธิการ
700 0  ไพศาล ลิ้มสถิตย์,^eบรรณาธิการ
710 2  มหาวิทยาลัยธรรมศาสตร์. ^bคณะนิติศาสตร์.^bศูนย์กฎหมายสุขภาพและจริยศาสตร์
945    ^p0^l0^i025716
995    ทศพร
999 ^a ใช้งานได้ทุกระบบ
รายการนี้ยังไม่มีแท็ก
คุณยังไม่ได้ล็อกอิน คุณสามารถมีกิจกรรมร่วมกับเว็บไซต์ได้ แต่ต้องล็อกอินก่อน ::
  ล็อกอิน

รายการสื่อสารสนเทศ

ลำดับที่ ประเภท เลขเรียก/บาร์โค้ด สถานที่ สถานะ
- ไม่พบข้อมูล -

รายการใกล้เคียง
    หัวเรื่อง [สเต็มเซลล์]

BibComment


ยังไม่เคยถูกคอมเมนท์

คอมเมนท์ทรัพยากรรายการนี้
  คอมเมนท์: ก่อนวันผลัดใบหนัง..


 Copyright 2026. Bcnsprnw @Library